Представление документа в формате MARC21

Поле Инд. ПП Название Значение
Тип записи a
Библиографический уровень a
001 Контрольный номер RU/IS/BASE/159381640
005 Дата корректировки 20240522143018.7
008 Кодируемые данные 19971021
040 00 e Правила каталог. Л 971021
084 a Индекс другой классификации/Индекс ББК 87.4; 87.41; 87.42; 87.43
090 00 a Полочн. индекс 87.452я43
x Авторский знак С 30
097 00 a 230
100 10 a Автор Сесерберг К.
245 00 a Заглавие Модальные логики с линейными отношениями альтернативности
c Ответственность перевод А. Л. Никифорова
650 04 a Основная рубрика логика
a Основная рубрика философские науки
653 00 a Ключевые слова альтернативность
a Ключевые слова бимодальная логика
a Ключевые слова временная логика
a Ключевые слова доказательства
a Ключевые слова линейные отношения
a Ключевые слова модальная логика
a Ключевые слова модельные структуры
a Ключевые слова мономодальная логика
a Ключевые слова пропозициональная логика
a Ключевые слова суждение
a Ключевые слова теоремы
a Ключевые слова теория фильтрации
700 10 a Автор Никифоров А. Л.
e Роль лиц переводчик
773 00 d Дата издания источника Москва, 1981
g Прочая информация С. 180-204
t Заглавие источника Семантика модальных и интенсиональных логик
w Контрольный № источника RU/IS/BASE/102699662
901 t Тип документа a